| 000 -LEADER |
| fixed length control field |
01819cam a22003497a 4500 |
| 001 - CONTROL NUMBER |
| control field |
17132425 |
| 003 - CONTROL NUMBER IDENTIFIER |
| control field |
NUST |
| 005 - DATE AND TIME OF LATEST TRANSACTION |
| control field |
20221017133359.0 |
| 008 - FIXED-LENGTH DATA ELEMENTS--GENERAL INFORMATION |
| fixed length control field |
120124s2011 mau 001 0 eng d |
| 010 ## - LIBRARY OF CONGRESS CONTROL NUMBER |
| LC control number |
2011276610 |
| 016 7# - NATIONAL BIBLIOGRAPHIC AGENCY CONTROL NUMBER |
| Record control number |
015846684 |
| Source |
Uk |
| 020 ## - INTERNATIONAL STANDARD BOOK NUMBER |
| International Standard Book Number |
9781440528200 (pbk.) |
| 020 ## - INTERNATIONAL STANDARD BOOK NUMBER |
| International Standard Book Number |
1440528209 (pbk.) |
| 035 ## - SYSTEM CONTROL NUMBER |
| System control number |
(OCoLC)ocn719428305 |
| 040 ## - CATALOGING SOURCE |
| Original cataloging agency |
BTCTA |
| Language of cataloging |
eng |
| Transcribing agency |
BTCTA |
| Modifying agency |
UKMGB |
| -- |
SFR |
| -- |
BKL |
| -- |
ILC |
| -- |
YDXCP |
| -- |
JAO |
| -- |
VP@ |
| -- |
QBX |
| -- |
DLC |
| 042 ## - AUTHENTICATION CODE |
| Authentication code |
lccopycat |
| 050 00 - LIBRARY OF CONGRESS CALL NUMBER |
| Classification number |
RC682 |
| Item number |
.K48 2011 |
| 082 04 - DEWEY DECIMAL CLASSIFICATION NUMBER |
| Classification number |
616.1205,KHA |
| 100 1# - MAIN ENTRY--PERSONAL NAME |
| Personal name |
Khaleghi, Murdoc. |
| 9 (RLIN) |
88998 |
| 245 14 - TITLE STATEMENT |
| Title |
The everything guide to preventing heart disease : |
| Remainder of title |
all you need to know to lower your blood pressure, beat high cholesterol, and stop heart disease in its tracks / |
| Statement of responsibility, etc. |
Murdoc Khaleghi. |
| 246 3# - VARYING FORM OF TITLE |
| Title proper/short title |
Preventing heart disease |
| 260 ## - PUBLICATION, DISTRIBUTION, ETC. |
| Place of publication, distribution, etc. |
Avon, Mass. : |
| Name of publisher, distributor, etc. |
Adams Media, |
| Date of publication, distribution, etc. |
c2011. |
| 300 ## - PHYSICAL DESCRIPTION |
| Extent |
xii, 291 p. ; |
| Dimensions |
24 cm. |
| 490 1# - SERIES STATEMENT |
| Series statement |
Everything series |
| 505 0# - FORMATTED CONTENTS NOTE |
| Formatted contents note |
Heart disease (Page-1), Blood pressure (Page-14), Cholesterol (Page-22), Diabetes (Page-33), Smoking (Page-41), Testing (Page-55), Drug therapy (Page-75), Creating your healthy lifestyle (Page-93), Strategies for heart-healthy eating (Page-103), Successful weight management (Page-121), Getting active (Page-132), Stress management for a healthy heart (Page-140), Heart-healthy soup, appetizer, and side-dish recipes (Page-151), Heart-healthy meat and poultry main-dish recipes (Page-172), Heart-healthy fish, pasta, and bean main-dish recipes (Page-209), Heart-healthy bread, dessert, and dressing recipes (Page-231). |
| 650 #0 - SUBJECT ADDED ENTRY--TOPICAL TERM |
| Topical term or geographic name entry element |
Heart |
| General subdivision |
Diseases |
| -- |
Prevention |
| Form subdivision |
Popular works. |
| 9 (RLIN) |
100478 |
| 655 #0 - INDEX TERM--GENRE/FORM |
| Genre/form data or focus term |
Cookbooks. |
| 9 (RLIN) |
7921 |
| 655 #7 - INDEX TERM--GENRE/FORM |
| Genre/form data or focus term |
Cookbooks. |
| Source of term |
lcgft |
| 9 (RLIN) |
7921 |
| 830 #0 - SERIES ADDED ENTRY--UNIFORM TITLE |
| Uniform title |
Everything series. |
| 9 (RLIN) |
100479 |
| 906 ## - LOCAL DATA ELEMENT F, LDF (RLIN) |
| a |
7 |
| b |
cbc |
| c |
copycat |
| d |
2 |
| e |
ncip |
| f |
20 |
| g |
y-gencatlg |
| 942 ## - ADDED ENTRY ELEMENTS (KOHA) |
| Source of classification or shelving scheme |
|
| Koha item type |
Book |